Efecto del pretratamiento, concentración de celulasa y tiempo de hidrólisis en la producción de bioetanol a partir de la corona de piña
Uloženo v:
| Hlavní autor: | |
|---|---|
| Médium: | Kniha |
| Jazyk: | Spanish |
| Vydáno: |
San José, Costa Rica
2011
|
| Témata: | |
| Tagy: |
Přidat tag
Žádné tagy, Buďte první, kdo vytvoří štítek k tomuto záznamu!
|
MARC
| LEADER | 00000nam a22000007a 4500 | ||
|---|---|---|---|
| 003 | 010677 | ||
| 005 | 20221231143931.0 | ||
| 008 | 151109b2011 cr a|||| |||| 00| 0 spa d | ||
| 040 | |c cru CEDI | ||
| 090 | |a TFG 6505 | ||
| 100 | |9 2163 |a Fonseca Solís, Karla | ||
| 245 | |a Efecto del pretratamiento, concentración de celulasa y tiempo de hidrólisis en la producción de bioetanol a partir de la corona de piña | ||
| 260 | |a San José, Costa Rica |c 2011 | ||
| 500 | |a Proyecto de graduación (licenciatura en ingeniería química)--Universidad de Costa Rica. Facultad de Ingeniería. Escuela de Ingeniería Química | ||
| 650 | |x ALCOHOL COMO COMBUSTIBLE |x PRODUCCION |x HIDROLISIS |x APLICACIONES CIENTIFICAS |x FERMENTACION |x PIÑA |x BIOMASA |9 2164 | ||
| 942 | |c TFG | ||
| 999 | |c 14445 |d 14445 | ||
